|
|
|
|
| LEADER |
00000nab a2200000 a 4500 |
| 001 |
vtls001491942 |
| 003 |
SK-MaSNL |
| 005 |
20260303075339.0 |
| 008 |
050202 2005 xo r r 000 0 slo |
| 015 |
|
|
|a KEVKJB2005
|
| 040 |
|
|
|a KEVKJB
|b slo
|c KEVKJB
|e AACR2
|
| 041 |
0 |
|
|a slo
|
| 044 |
|
|
|a xo
|c SK
|
| 080 |
|
|
|a 908(437.671)
|x "1945"
|2 UDC-MRF-SK2
|
| 100 |
1 |
|
|a Linhardová, Alžbeta
|4 aut
|9 327418
|
| 245 |
1 |
0 |
|a Keď nechcel dať bicykel, Rus naňho namieril samopal
|b spomienky Košičanov na dni, keď prišla do Košíc Sovietska armáda a vojna ustupovala smerom na západ
|c Alžbeta Linhardová
|
| 300 |
|
|
|b Obr.
|
| 650 |
0 |
7 |
|a dejiny
|2 kevkjb
|9 3825
|
| 650 |
0 |
7 |
|a oslobodenie mesta
|z Košice
|y 19.1.1945
|2 kevkjb
|9 1066637
|
| 650 |
0 |
7 |
|a spomienky
|x oslobodenie mesta
|z Košice
|y 1945
|2 kevkjb
|9 1066638
|
| 651 |
|
7 |
|a Košice (Slovensko)
|2 kevkjb
|9 18694
|
| 773 |
0 |
|
|t Košický večer
|g Roč.16(37), č.3 (21.1.2005), s.15
|
| 852 |
|
|
|a KEVKJB
|b KIS3GCP
|
| 999 |
|
|
|c 1775413
|d 1777343
|